Science Quiz

Random Science or Clickable Quiz

Find the Dog Animals Quiz Stats

 Plays Quiz not verified by Sporcle

Support Sporcle.
Go Orange.
Score 0/12 Timer 03:00
0 Plays Today
% Correct
English Bulldog
96.3%
Bernese Mountain Dog
90.8%
Raccoon Dog
90.4%
African Wild Dog
80.7%
Utah Prairie Dog
80.4%
Dog Snapper
80%
Spiny Dogfish
73.4%
Southern Dogface
65.8%
Bush Dog
62.7%
Gulf Coast Waterdog
57.1%
New Guinea Singing Dog
54.6%
Short-Eared Dog (Short-Eared Zorro)
52.2%

You're not logged in!

Compare scores with friends on all Sporcle quizzes.
OR
Log In

From the Vault

One, Two...Not Three VII

by Tasi

This is the seventh time we've said the thing after two is not three. It's getting ridiculous.
Remove Ads.
Support Sporcle.
Get the best of Sporcle when you Go Orange. This ad-free experience offers more features, more stats, and more fun while also helping to support Sporcle. Thank you for becoming a member.

Show Comments

Extras

Top Quizzes Today


Score Distribution

Your Account Isn't Verified!

In order to create a playlist on Sporcle, you need to verify the email address you used during registration. Go to your Sporcle Settings to finish the process.

Report this User

Report this user for behavior that violates our Community Guidelines.

Details: